000 00182 a2200097 4500
020 _a9781426300875
041 _aeng
100 _aBARBARA KERLEY
245 2 _aA LITTLE PEACE
942 _cBK
999 _c216
_d216